| 000 | 00688nam a22002057a 4500 | ||
|---|---|---|---|
| 005 | 20240627143142.0 | ||
| 008 | s2517 th tha d | ||
| 041 | _atha | ||
| 050 | _aDS586 ก4 | ||
| 100 | 0 | _aสุรัฐ รจนาวรรณ | |
| 245 | 1 | 0 | _aแนวทางการต่อสู้ของนักเรียน นิสิต นักศึกษา |
| 260 | 3 |
_bประชาธรรม, _c2517 |
|
| 300 | _a143 หน้า | ||
| 650 | 0 | 4 | _aนักเรียน -- ไทย |
| 650 | 0 | 4 | _aนิสิตนักศึกษา -- ไทย |
| 850 | _aNALT | ||
| 942 |
_cGB _01 |
||
| 997 | _c000000000007122 | ||
| 998 |
_aNarumon Suwan _j2118 _k วิภาวรรณ เส็งจีน |
||
| 999 |
_c7122 _d7122 |
||